LEADER 00799nam a2200229 i 4500 001 000000137294 003 CaOOAMICUS 005 20050412000000.0 008 050412s1990 it u000 u ita u 013 $a111067 020 $a88-7152-277-X 040 $aSeMil$bita 100 1 $aDesiato, Luca.$0(OLS)http://semarc/name/31182 245 10$aStorie dell'eremo /$cLuca Desiato. 260 $aTorino :$bGribaudi,$ccopyr. 1990. 300 $a198 p. ;$c19 cm. 850 $aSeMil 852 $aSeMil$W1$xVenegono$y1$m1B II 332$j239725$B90845$CSeMilBibl$Z2$F95759 $81 961 $aOmaggio: Altro 996 $6020$a88-7152-277-X$9(OLS)http://semarc/number/124978 996 $6245$aStorie dell'eremo$9(OLS)http://semarc/title/200596 996 $6260$aTorino :$bGribaudi$9(OLS)http://semarc/publisher/31540 LEADER 00756nam a2200193 i 4500 001 000000212956 003 CaOOAMICUS 005 20220817075933.0 008 120504s1876 it u000 u ger u 013 $a191806 040 $aSeMil$bita 100 1 $aHeine, Heinrich,$d<1797-1856>.$0(OLS)http://semarc/name/7584 245 10$a7: Novellistische Fragmente ; Ludwig Börne. 300 $a239 p. 773 0 $aHeine, Heinrich <1797-1856>$tHeinrich Heine's Sämmtliche Werke.$dHamburg : Hoffmann und Campe, 1876.$w()26697 850 $aSeMil 852 $aSeMil$W1$xVenegono$y1$m1W I 14 FA$j163386$B163386$CSeMilBibl$Z2$F174491 $8I 996 $6245$a7: Novellistische Fragmente ; Ludwig Börne$9(OLS)http://semarc/title/307253